Szeroki Skład Reprezentacji Polski na MŚ 2018 - Statystyki

Ogólne statystyki
  • Ten quiz został rozwiązany 1 229 razy
  • Średni wynik to 24 z 35
Statystyki odpowiedzi
Pozycja Zawodnik % Poprawnych
Bramkarz Wojciech Szczęsny
100%
Bramkarz Łukasz Fabiański
99%
Napastnik Robert Lewandowski
98%
Obrońca Kamil Glik
97%
Napastnik Arkadiusz Milik
96%
Pomocnik Grzegorz Krychowiak
92%
Pomocnik Jakub Błaszczykowski
90%
Pomocnik Piotr Zieliński
88%
Pomocnik Kamil Grosicki
87%
Obrońca Łukasz Piszczek
87%
Obrońca Michał Pazdan
87%
Obrońca Jan Bednarek
86%
Bramkarz Łukasz Skorupski
84%
Napastnik Krzysztof Piątek
79%
Obrońca Bartosz Bereszyński
77%
Pomocnik Maciej Rybus
77%
Obrońca Artur Jędrzejczyk
76%
Napastnik Dawid Kownacki
72%
Obrońca Thiago Cionek
72%
Pomocnik Karol Linetty
70%
Napastnik Łukasz Teodorczyk
63%
Bramkarz Bartosz Białkowski
61%
Pomocnik Jacek Góralski
58%
Obrońca Tomasz Kędziora
55%
Pomocnik Krzysztof Mączyński
52%
Pomocnik Sebastian Szymański
51%
Pomocnik Sławomir Peszko
48%
Napastnik Kamil Wilczek
46%
Pomocnik Przemysław Frankowski
43%
Pomocnik Rafał Kurzawa
42%
Obrońca Marcin Kamiński
41%
Pomocnik Damian Kądzior
36%
Pomocnik Szymon Żurkowski
28%
Pomocnik Maciej Makuszewski
18%
Pomocnik Paweł Dawidowicz
17%
Nie znaleziono quizów pasujących do podanych kryteriów
Rozkład punktacji
Procent ludzi z każdym wynikiem
Percentyl według liczby udzielonych odpowiedzi
Twoja historia wyników
Nie rozwiązałeś tego quizu